000 00493nam a2200181 4500
005 20260420140517.0
008 260420b |||||||| |||| 00| 0 eng d
020 _a978-1619542099
082 _a387.736
_bPRA-A
100 _aPrather, C. Daniel
245 _aAirport Management
260 _aWashington:
_bAviation Supplies & Academics, Inc,
_c2015
300 _axvi, 633p
500 _aIncludes Index.
650 _aManagement Science
650 _aAirport United States
942 _cBK
999 _c47350
_d47350